000 01145nam0a22002651 4500
001 rc\4374503
005 20130416143032.5
021 _aRU
_b[62-15161]
035 _a(NLR Aleph) 008543180
090 _a8359935
_c8359935
100 _a20130416d1962 |||y0rusy50 ca
101 0 _arus
102 _aRU
105 _ay z |||||
200 1 _aВопросы истории социалистического строительства в Молдавской ССР
_e[Сборник статей
_fРед. коллегия: акад. д-р ист. наук Я.С. Гросул и др.]
_gАкад. наук Молд. ССР. Ин-т истории
210 _aКишинев
_cШтиинца
_d1962
215 _a168 с.
_d20
606 _aСоциалистическое строительство
_yМолдавская ССР
_xИстория
_jСборники
_2psbo
702 1 _aГросул
_bЯ. С.
_gЯким Сергеевич
_4340
712 0 2 _aИнститут истории
_cКишинев
_3RU\NLR\AUTH\889928056
801 0 _aRU
_bNLR
_gpsbo
801 1 _aRU
_bELAR
_2rusmarc
852 _aNLR
_j62-3/1482
942 _cBOOK
980 _aNB